000 00294nam a22001337a 4500
020 _a9788131788998
082 _a330
100 _aJames Gerber
245 _aInternational economics
250 _a5th ed
260 _aDorling kinderseley
_bPearson pub
_c2011
300 _a471p
942 _cBK
999 _c3252
_d3252